Brawl Stars: Rare Brawlers - Sudden Death - Statistics

General Stats
  • This quiz has been taken 121 times
  • The average score is 6 of 8
Answers on the Grid
Answers color-coded by a green-red scale on the quiz's grid according to % correct below.
8-Bit
Amber
Angelo
Ash
Barley
Bea
Belle
Berry
Bibi
Bo
Bonnie
Brock
Bull
Buster
Buzz
Buzz Lightyear
Byron
Carl
Charlie
Chester
Chuck
Clancy
Colette
Colt
Cordelius
Crow
Darryl
Doug
Draco
Dynamike
Edgar
El Primo
Emz
Eve
Fang
Frank
Gale
Gene
Gray
Griff
Grom
Gus
Hank
Jacky
Janet
Jessie
Juju
Kenji
Kit
Larry & Lawrie
Leon
Lily
Lola
Lou
Maisie
Mandy
Max
Meeple
Meg
Melodie
Mico
Moe
Mortis
Mr. P
Nani
Nita
Ollie
Otis
Pam
Pearl
Penny
Piper
Poco
R-T
Rico
Rosa
Ruffs
Sam
Sandy
Shade
Shelly
Spike
Sprout
Squeak
Stu
Surge
Tara
Tick
Willow
 
Answer Stats
Answer % Correct
Barley
92%
Brock
82%
Bull
80%
Colt
80%
El Primo
76%
Poco
75%
Nita
71%
Rosa
68%
No matching quizzes found
Score Distribution
Percent of People with Each Score
Percentile by Number Answered
Your Score History
You have not taken this quiz